Europeanization of Human Resource Management
Proces europeizácie podnikov a jej prejavy v HRM (riadení ľudských zdrojov). Teoretický rámec riešenej problematiky a charakteristika vývoja smerom k potenciálnemu európskemu modelu HRM. Charakteristické znaky európskeho manažmentu s dôrazom na európsku diverzitu ako na výzvu a zdroj kreativity.
Salvato in:
| Autore principale: | |
|---|---|
| Altri autori: | |
| Natura: | Capitolo di libro |
| Lingua: | inglese |
| Soggetti: | |
| Tags: |
Nessun Tag, puoi essere il primo ad aggiungerne!!
|
MARC
| LEADER | 00000naa a2200000 4500 | ||
|---|---|---|---|
| 001 | 0283726 | ||
| 005 | 20240417075205.6 | ||
| 041 | 0 | |a eng | |
| 044 | |a SK | ||
| 245 | 1 | 0 | |a Europeanization of Human Resource Management |c Jana Marasová, Anna Vallušová |
| 520 | |a Proces europeizácie podnikov a jej prejavy v HRM (riadení ľudských zdrojov). Teoretický rámec riešenej problematiky a charakteristika vývoja smerom k potenciálnemu európskemu modelu HRM. Charakteristické znaky európskeho manažmentu s dôrazom na európsku diverzitu ako na výzvu a zdroj kreativity. | ||
| 610 | 2 | 0 | |a europeizácia |
| 610 | 2 | 0 | |a podnik |
| 610 | 2 | 0 | |a diverzita |
| 610 | 2 | 0 | |a riadenie ľudských zdrojov |
| 610 | 2 | 0 | |a zdroje ľudské |
| 610 | 2 | 0 | |a manažment |
| 610 | 2 | 0 | |a kreativita |
| 100 | 1 | |a Marasová, Jana | |
| 700 | 1 | |a Vallušová, Anna | |